Apuntes de Geometría Práctica aplicada al dibujo usados en el Colegio Comercial Saleciano de Valparaíso. Segundo Curso Preparatorio
Đã lưu trong:
| Tác giả của công ty: | |
|---|---|
| Định dạng: | Sách |
| Ngôn ngữ: | Tiếng Tây Ban Nha |
| Được phát hành: |
Valparaíso
Escuela Tipográfica Saleciana
1901
|
| Phiên bản: | 1a. ed |
| Những chủ đề: | |
| Các nhãn: |
Thêm thẻ
Không có thẻ, Là người đầu tiên thẻ bản ghi này!
|
MARC
| LEADER | 00000nam a2200000 a 4500 | ||
|---|---|---|---|
| 001 | UCJ8277 | ||
| 003 | CL-VaPUC | ||
| 008 | 070124e19010000CL |||||||||||||||||spa|d | ||
| 082 | 0 | 4 | |a 516 |b COL |2 21 |
| 110 | 2 | |a Colegio Comercial Saleciano |e author |9 517027 | |
| 245 | 1 | 0 | |a Apuntes de Geometría Práctica aplicada al dibujo usados en el Colegio Comercial Saleciano de Valparaíso. Segundo Curso Preparatorio |
| 250 | |a 1a. ed | ||
| 300 | |a 32 p | ||
| 942 | |c BK | ||
| 945 | |d 20070124 00:00:00 |a rinostro | ||
| 260 | |a Valparaíso |b Escuela Tipográfica Saleciana |c 1901 | ||
| 650 | 0 | |a Textos escolares |9 382843 | |
| 650 | 0 | |a Geometría |9 264063 | |
| 583 | |a last modification |c 20070124 00:00:00 |k Rodrigo Vera | ||
| 999 | |c 324052 |d 324050 | ||
| 952 | |0 0 |1 0 |4 0 |6 516_000000000000000_COL_1901 |7 0 |8 X |9 403952 |a FDOBUD |b FDOBUD |d 2019-11-22 |i 1075357 |o 516 COL 1901 |p 1075357 |r 2019-11-22 |w 2019-11-22 |y BK_X |k BUD | ||